José Enrique Rodo
Enregistré dans:
| Auteur principal: | |
|---|---|
| Format: | Livre |
| Langue: | Undetermined |
| Publié: |
San José, Costa Rica
Ministerio de Cultura Juventud y Deportes
1985
|
| Sujets: | |
| Tags: |
Ajouter un tag
Pas de tags, Soyez le premier à ajouter un tag!
|
MARC
| LEADER | 00000nam a2200000Ia 4500 | ||
|---|---|---|---|
| 008 | 170316s9999 xx 000 0 und d | ||
| 090 | |a 100 S-47j | ||
| 100 | |a Simon, Luis | ||
| 245 | |a José Enrique Rodo | ||
| 260 | |a San José, Costa Rica | ||
| 260 | |b Ministerio de Cultura Juventud y Deportes | ||
| 260 | |c 1985 | ||
| 300 | |a 191 páginas | ||
| 650 | |a FILOSOFÍA | ||
| 999 | |c 17646 |d 17646 | ||
| 040 | |a cru BVZT | ||
| 942 | |c 15 D |h 100 S-47j |2 z | ||
